000
00309nam a2200097Ia 4500
008
241105s9999 xx 000 0 und d
041
_a
eng
100
_a
Nityanand Purva
245
_a
Passive Solar Design For Effective Ventilation In Hot And Dry Climate
260
_b
YCMOU Environmental Architecture, Pune
_c
2011
999
_c
360539
_d
360539